000 01179cam a2200349 i 4500
001 22904965
003 OSt
005 20240612155931.0
008 221219s2022 ke ab b 000 0beng
010 _a 2022321777
020 _a9789914740097
040 _aDLC
_beng
_erda
_cDLC
042 _apcc
_alcode
043 _af-ke---
050 0 0 _aDT433.582.N59
_bN53 2022
082 _a361
_bNKA 2022
100 1 _aNkaisserry, Helen Pilale,
_eauthor.
245 1 4 _aThe General and I :
_ba memoir /
_cHelen Pilale Nkaisserry.
264 1 _aNairobi, Kenya :
_bSanturi Media Limited,
_c2022.
300 _a569 pages :
_bcolor illustrations, color maps ;
_c23 cm
336 _atext
_btxt
_2rdacontent
337 _aunmediated
_bn
_2rdamedia
338 _avolume
_bnc
_2rdacarrier
504 _aIncludes bibliographical references (pages 552-554) and index.
600 1 0 _aNkaisserry, Joseph Kasaine,
_d1949-2017.
650 0 _aPoliticians
_zKenya
_vBiography.
650 0 _aGenerals
_zKenya
_vBiography.
651 0 _aKenya
_xPolitics and government.
906 _a7
_bcbc
_corigode
_d2
_encip
_f20
_gy-gencatlg
942 _2ddc
_cBK
999 _c4039
_d4039